000 00960nam a2200253Ia 4500
003 OSt
005 20221005112305.0
006 a|||||r|||| 00| 0
007 ta
008 221004b |||||||| |||| 00| 0 pan d
020 _a8178560429 (hbk)
_c125
024 _a11498
037 _b835, 20/03/2014, H.K. Prakashan
_cTextual
040 _aCRL
_cCRL
_bpan
041 _2pan
_apan
082 _aO153,1M00,2:g, M7;P3
100 _aਘੁੰਮਣ, ਬਿਕਰਮ ਸਿੰਘ
245 0 _aਪੂਰਨ ਭਗਤ ਕਾਦਰਯਾਰ
_b ਪਾਠ ਅਤੇ ਆਲੋਚਨਾ
260 _aਅੰਮ੍ਰਿਤਸਰ
_bਵਾਰਿਸ Fਾਹ ਖ਼ਾਉ੍ਵਡੇFਨ ਭਾਰਤ
_c2003
300 _a112ਪੰ
_ccm.
650 _aਪੰਜਾਬੀ ਸਾਹਿਤ
942 _hO153,1M00,2:g, M7;P3
_cTEXL
_2cc
999 _c1024439
_d1024439